000 00342nam a22001337a 4500
005 20250901165804.0
008 250319b |||||||| |||| 00| 0 eng d
020 _a9789966500137
050 _aPL 8704 .W36 2016
245 _aYule Jamaa /
_cWamitila K.W
260 _aNairobi :
_bVide Muwa ,
_c2016
300 _a77 pages :
_c20 cm.
942 _2lcc
999 _c9263
_d9263